Women in Panchayati Raj : (Record no. 48162)
[ view plain ]
| 000 -LEADER | |
|---|---|
| fixed length control field | 01489nam a22002657a 4500 |
| 003 - CONTROL NUMBER IDENTIFIER | |
| control field | RNL |
| 005 - DATE AND TIME OF LATEST TRANSACTION | |
| control field | 20260410052636.0 |
| 008 - FIXED-LENGTH DATA ELEMENTS--GENERAL INFORMATION | |
| fixed length control field | 260409b |||||||| |||| 00| 0 eng d |
| 020 ## - INTERNATIONAL STANDARD BOOK NUMBER | |
| ISBN | 9788199222632 |
| 040 ## - CATALOGING SOURCE | |
| Original cataloging agency | RCL |
| 082 ## - DEWEY DECIMAL CLASSIFICATION NUMBER | |
| Classification number | 396 SI53W |
| 100 ## - MAIN ENTRY--PERSONAL NAME | |
| Personal name | Singh, Vandana |
| 245 ## - TITLE STATEMENT | |
| Title | Women in Panchayati Raj : |
| Sub Title | Empowement and Challenges |
| Statement of responsibility, etc | / Vandana Singh |
| 260 ## - PUBLICATION, DISTRIBUTION, ETC. | |
| Place of publication | New Delhi: |
| Name of publisher | Barkha Publication, |
| Year of publication | 2026. |
| 300 ## - PHYSICAL DESCRIPTION | |
| Number of Pages | 215p. ; 22cm. |
| 520 ## - SUMMARY, ETC. | |
| Summary, etc | This book explores the role of women in the Panchayati Raj system, highlighting both their empowerment and the challenges they face in grassroots governance. beginning with the historic 73rd Constitutional Amendment Act of 1992, which institutionalized Panchayati Raj and reserved seat for women. the book examines how these reforms transformed rural democracy. It discus the impact of women leader in shaping priorities like education ,health sanitation, and gender equality, while also addressing persistent barriers such as patriarchy, proxy leadership, illiteracy, and limited resources. By combining underscores how women in Panchayati raj are redefining governance, inspiring social change, and paving the way toward an inclusive and equitable democracy. |
| 546 ## - LANGUAGE NOTE | |
| Language note | English |
| 650 ## - SUBJECT ADDED ENTRY--TOPICAL TERM | |
| Topical Term | Gender equality |
| 650 ## - SUBJECT ADDED ENTRY--TOPICAL TERM | |
| Topical Term | women empowement. |
| 650 ## - SUBJECT ADDED ENTRY--TOPICAL TERM | |
| Topical Term | Panchayati Raj |
| 650 ## - SUBJECT ADDED ENTRY--TOPICAL TERM | |
| Topical Term | Women in elections. |
| 650 ## - SUBJECT ADDED ENTRY--TOPICAL TERM | |
| Topical Term | Sanitation |
| 650 ## - SUBJECT ADDED ENTRY--TOPICAL TERM | |
| Topical Term | Education |
| 942 ## - ADDED ENTRY ELEMENTS (KOHA) | |
| Koha item type | Books |
| Full call number | Accession Number | Lost status | Damaged status | Price effective from | Koha item type | Not for loan | Collection code | Withdrawn status | Home library | Current library | Shelving location | Date acquired | Cost, normal purchase price |
|---|---|---|---|---|---|---|---|---|---|---|---|---|---|
| 396 SI53W | 65891 | 04/10/2026 | Books | General Department | RCL | RCL | General Stacks | 03/19/2026 | 795.00 |


